000 00486nam a2200157Ia 4500
008 231217s9999 xx 000 0 und d
020 _a817881319x
041 _aEnglish
082 _a658.834 CHA;1 R
100 _aChaturvedi, Braj Mohan ed.
245 0 _aSupply chain management : efficiency and performance measurement
260 _c2004
_bICFAI Press
_aHyderabad
300 _aix, 186+A15
650 _aSupply,chain,management,efficiency,performance,measurement
942 _cAA
999 _c191288
_d191288